000 00556nam a22001697a 4500
005 20250403161405.0
008 250403b |||||||| |||| 00| 0 eng d
020 _a9780226833224
041 _aeng
082 _a650.140 GER
100 _aGershon, Ilana
245 _aDown and Out in the New Economy: How People Find or Dont Find Work Today
260 _aLondon
_bThe University of Chicago Press
_c2017
300 _a289;. pages: 23 cm
650 _aJob huntin; Employee selection; Online Social Networks in Business;Industrial Relations
942 _cBK
999 _c43538
_d43538